<?xml version="1.0" encoding="UTF-8"?>
<record
    xmlns:xsi="http://www.w3.org/2001/XMLSchema-instance"
    xsi:schemaLocation="http://www.loc.gov/MARC21/slim http://www.loc.gov/standards/marcxml/schema/MARC21slim.xsd"
    xmlns="http://www.loc.gov/MARC21/slim">

  <leader>02150nam a2200457 a 4500</leader>
  <controlfield tag="005">20240430093814.0</controlfield>
  <controlfield tag="008">100629s2012||||sp a   f |||| 001 0 spa d</controlfield>
  <datafield tag="020" ind1=" " ind2=" ">
    <subfield code="a">9781437715286</subfield>
  </datafield>
  <datafield tag="041" ind1=" " ind2=" ">
    <subfield code="a">spa</subfield>
  </datafield>
  <datafield tag="092" ind1=" " ind2=" ">
    <subfield code="c">616.079</subfield>
    <subfield code="l">1</subfield>
    <subfield code="s">ABB</subfield>
  </datafield>
  <datafield tag="100" ind1="1" ind2=" ">
    <subfield code="a">Abbas, Abul K.</subfield>
    <subfield code="9">49</subfield>
  </datafield>
  <datafield tag="245" ind1=" " ind2=" ">
    <subfield code="a">Inmunolog&#xED;a celular y molecular /  </subfield>
    <subfield code="c">Abul K. Abbas</subfield>
  </datafield>
  <datafield tag="250" ind1=" " ind2=" ">
    <subfield code="a">7a ed. en espa&#xF1;ol de la 7a ed. original en ingl&#xE9;s</subfield>
    <subfield code="b">Revisi&#xF3;n cient&#xED;fica Juan Manuel Igea</subfield>
  </datafield>
  <datafield tag="260" ind1=" " ind2=" ">
    <subfield code="a">Barcelona: </subfield>
    <subfield code="b">Elsevier Saunders;</subfield>
    <subfield code="c">2012.</subfield>
  </datafield>
  <datafield tag="300" ind1=" " ind2=" ">
    <subfield code="a">546 p.</subfield>
    <subfield code="b">il.</subfield>
  </datafield>
  <datafield tag="500" ind1=" " ind2=" ">
    <subfield code="a">Abbas, A. K., Lichtman, A. H. y  Pillai, S. (Col.). (2012). Inmunolog&#xED;a celular y molecular. (7a ed.). Barcelona : Elsevier ; Saunders.</subfield>
  </datafield>
  <datafield tag="653" ind1=" " ind2=" ">
    <subfield code="a">Propiedades y generalidades de las respuestas inmunitarias</subfield>
  </datafield>
  <datafield tag="653" ind1=" " ind2=" ">
    <subfield code="a">C&#xE9;lulas y tejidos del sistema inmunitario</subfield>
  </datafield>
  <datafield tag="653" ind1=" " ind2=" ">
    <subfield code="a">Migraci&#xF3;n del leucocito a los tejidos</subfield>
  </datafield>
  <datafield tag="653" ind1=" " ind2=" ">
    <subfield code="a">Inmunidad innata</subfield>
  </datafield>
  <datafield tag="653" ind1=" " ind2=" ">
    <subfield code="a">Anticuerpos y antigenos</subfield>
  </datafield>
  <datafield tag="653" ind1=" " ind2=" ">
    <subfield code="a">Mol&#xE9;culas del complejo principal de histocompatibilidad y presentaci&#xF3;n del ant&#xED;geno a los linfocitos T</subfield>
  </datafield>
  <datafield tag="653" ind1=" " ind2=" ">
    <subfield code="a">Receptores inmunitarios y transducci&#xF3;n de se&#xF1;ales</subfield>
  </datafield>
  <datafield tag="653" ind1=" " ind2=" ">
    <subfield code="a">Desarrollo del linfocito y reordenamiento del gen del receptor para el ant&#xED;geno</subfield>
  </datafield>
  <datafield tag="653" ind1=" " ind2=" ">
    <subfield code="a">Activaci&#xF3;n de los linfocitos T</subfield>
  </datafield>
  <datafield tag="653" ind1=" " ind2=" ">
    <subfield code="a">Mecanismos efectores de la inmunidad humoral</subfield>
  </datafield>
  <datafield tag="653" ind1=" " ind2=" ">
    <subfield code="a">Inmunidad regional: respuestas inmunitarias especializadas en los tejidos epiteliales y con privilegio inmunitario</subfield>
  </datafield>
  <datafield tag="653" ind1=" " ind2=" ">
    <subfield code="a">Tolerancia inmunitaria y autoinmunidad</subfield>
  </datafield>
  <datafield tag="653" ind1=" " ind2=" ">
    <subfield code="a">Inmunidad frente a los microbios</subfield>
  </datafield>
  <datafield tag="653" ind1=" " ind2=" ">
    <subfield code="a">Inmunolog&#xED;a del transplante</subfield>
  </datafield>
  <datafield tag="653" ind1=" " ind2=" ">
    <subfield code="a">Inmunilog&#xED;a antitumoral</subfield>
  </datafield>
  <datafield tag="653" ind1=" " ind2=" ">
    <subfield code="a">Transtornos por hipersensibilidad</subfield>
  </datafield>
  <datafield tag="653" ind1=" " ind2=" ">
    <subfield code="a">Respuestas inmunitarias dependientes de la EgE y enfermedades al&#xE9;rgicas</subfield>
  </datafield>
  <datafield tag="653" ind1=" " ind2=" ">
    <subfield code="a">Inmunodeficiencias cong&#xE9;nitas y adquiridas</subfield>
  </datafield>
  <datafield tag="653" ind1=" " ind2=" ">
    <subfield code="a">Ap&#xE9;ndice: citocinas</subfield>
  </datafield>
  <datafield tag="653" ind1=" " ind2=" ">
    <subfield code="a">Ap&#xE9;ndice: principales caracteristicas de algunas mol&#xE9;culas CD</subfield>
  </datafield>
  <datafield tag="653" ind1=" " ind2=" ">
    <subfield code="a">Ap&#xE9;ndice: t&#xE9;cnicas de laboratorio usadas con frecuencia en inmunolog&#xED;a</subfield>
  </datafield>
  <datafield tag="700" ind1="1" ind2=" ">
    <subfield code="a">Lichtman, Andrew H.</subfield>
    <subfield code="9">1038</subfield>
  </datafield>
  <datafield tag="700" ind1="1" ind2=" ">
    <subfield code="a">Pillai, Shiv</subfield>
    <subfield code="9">2844</subfield>
  </datafield>
  <datafield tag="942" ind1=" " ind2=" ">
    <subfield code="2">ddc</subfield>
    <subfield code="c">BK</subfield>
  </datafield>
  <datafield tag="999" ind1=" " ind2=" ">
    <subfield code="c">2062</subfield>
    <subfield code="d">2062</subfield>
  </datafield>
  <datafield tag="952" ind1=" " ind2=" ">
    <subfield code="0">0</subfield>
    <subfield code="1">0</subfield>
    <subfield code="2">ddc</subfield>
    <subfield code="4">0</subfield>
    <subfield code="7">0</subfield>
    <subfield code="a">BFM</subfield>
    <subfield code="b">BFM</subfield>
    <subfield code="c">CR</subfield>
    <subfield code="d">2013-11-19</subfield>
    <subfield code="g">637.00</subfield>
    <subfield code="l">57</subfield>
    <subfield code="m">5</subfield>
    <subfield code="o">616.079 1 ABB</subfield>
    <subfield code="p">3184</subfield>
    <subfield code="r">2026-03-30</subfield>
    <subfield code="s">2026-03-13</subfield>
    <subfield code="t">Ej.5</subfield>
    <subfield code="w">2013-11-19</subfield>
    <subfield code="y">BK</subfield>
    <subfield code="z">COMPRA PROMED, 3RA ETAPA NOVIEMBRE 2013. Sede Tordos. </subfield>
    <subfield code="f"></subfield>
  </datafield>
  <datafield tag="952" ind1=" " ind2=" ">
    <subfield code="0">0</subfield>
    <subfield code="1">0</subfield>
    <subfield code="2">ddc</subfield>
    <subfield code="4">0</subfield>
    <subfield code="7">0</subfield>
    <subfield code="a">BFM</subfield>
    <subfield code="b">BFM</subfield>
    <subfield code="c">CR</subfield>
    <subfield code="d">2013-11-19</subfield>
    <subfield code="g">637.00</subfield>
    <subfield code="l">26</subfield>
    <subfield code="m">11</subfield>
    <subfield code="o">616.079 1 ABB</subfield>
    <subfield code="p">3185</subfield>
    <subfield code="q">2029-03-01</subfield>
    <subfield code="r">2016-08-11</subfield>
    <subfield code="s">2016-08-11</subfield>
    <subfield code="t">Ej.6</subfield>
    <subfield code="w">2013-11-19</subfield>
    <subfield code="y">BK</subfield>
    <subfield code="z">COMPRA PROMED, 3RA ETAPA NOVIEMBRE 2013</subfield>
  </datafield>
  <datafield tag="952" ind1=" " ind2=" ">
    <subfield code="0">0</subfield>
    <subfield code="1">0</subfield>
    <subfield code="2">ddc</subfield>
    <subfield code="4">0</subfield>
    <subfield code="7">0</subfield>
    <subfield code="a">BFM</subfield>
    <subfield code="b">BFM</subfield>
    <subfield code="c">CR</subfield>
    <subfield code="d">2013-11-19</subfield>
    <subfield code="g">637.00</subfield>
    <subfield code="l">61</subfield>
    <subfield code="m">4</subfield>
    <subfield code="o">616.079 1 ABB</subfield>
    <subfield code="p">3186</subfield>
    <subfield code="r">2026-04-09</subfield>
    <subfield code="s">2026-03-27</subfield>
    <subfield code="t">Ej.7</subfield>
    <subfield code="w">2013-11-19</subfield>
    <subfield code="y">BK</subfield>
    <subfield code="z">COMPRA PROMED, 3RA ETAPA NOVIEMBRE 2013. Sede Tordos.</subfield>
    <subfield code="f"></subfield>
  </datafield>
</record>
